<?xml version="1.0" encoding="UTF-8"?>
<record
    xmlns:xsi="http://www.w3.org/2001/XMLSchema-instance"
    xsi:schemaLocation="http://www.loc.gov/MARC21/slim http://www.loc.gov/standards/marcxml/schema/MARC21slim.xsd"
    xmlns="http://www.loc.gov/MARC21/slim">

  <leader>01323nam a22002177a 4500</leader>
  <controlfield tag="005">20220413120750.0</controlfield>
  <controlfield tag="008">220305b           ||||| |||| 00| 0 eng d</controlfield>
  <datafield tag="020" ind1=" " ind2=" ">
    <subfield code="a">9781071605622</subfield>
  </datafield>
  <datafield tag="040" ind1=" " ind2=" ">
    <subfield code="c">AL</subfield>
  </datafield>
  <datafield tag="041" ind1=" " ind2=" ">
    <subfield code="a">eng</subfield>
  </datafield>
  <datafield tag="082" ind1=" " ind2=" ">
    <subfield code="2">23</subfield>
    <subfield code="a">664.53</subfield>
    <subfield code="b">FARS</subfield>
  </datafield>
  <datafield tag="100" ind1=" " ind2=" ">
    <subfield code="a">Kenneth T Farrell</subfield>
    <subfield code="9">22892</subfield>
  </datafield>
  <datafield tag="245" ind1=" " ind2=" ">
    <subfield code="a">Spices condiments and seasonings</subfield>
  </datafield>
  <datafield tag="250" ind1=" " ind2=" ">
    <subfield code="a">2nd ed.</subfield>
  </datafield>
  <datafield tag="260" ind1=" " ind2=" ">
    <subfield code="a">New York</subfield>
    <subfield code="b">Aspen Publishers</subfield>
    <subfield code="c">2020</subfield>
  </datafield>
  <datafield tag="300" ind1=" " ind2=" ">
    <subfield code="a">xiv,414p.</subfield>
    <subfield code="b">HB</subfield>
    <subfield code="c">23.5x16cm.</subfield>
  </datafield>
  <datafield tag="365" ind1=" " ind2=" ">
    <subfield code="2">General</subfield>
    <subfield code="a">VBI-1344</subfield>
    <subfield code="b">&#x20B9;2621.25</subfield>
    <subfield code="c">&#x20B9;</subfield>
    <subfield code="d">&#x20B9;3495.00</subfield>
    <subfield code="e">25%</subfield>
    <subfield code="f">21-02-2022</subfield>
  </datafield>
  <datafield tag="520" ind1=" " ind2=" ">
    <subfield code="a">The following information is given for 58 spices and herbs (from allspice to wormwood): common and Latin names, torical/legendary backgrounds, indigenous and cultivated sources of supply, physical and sensory attributes, extractives and their characteristics, household and commercial uses, proximate compositions, mineral content, natural antioxidant activity, and nutritional and microbiological data. Also covered: soluble spices, condiments and sauces, seasonings and seasoning technology. Popular interest in spices has grown (more people reducing sodium intake?) and the food industry has responded, as reflected in the substantial increase in data included in this second edition reference</subfield>
  </datafield>
  <datafield tag="650" ind1=" " ind2=" ">
    <subfield code="2">Food technology</subfield>
    <subfield code="a">Chemical Technology</subfield>
    <subfield code="9">22893</subfield>
  </datafield>
  <datafield tag="942" ind1=" " ind2=" ">
    <subfield code="2">ddc</subfield>
    <subfield code="c">BK</subfield>
  </datafield>
  <datafield tag="999" ind1=" " ind2=" ">
    <subfield code="c">221736</subfield>
    <subfield code="d">221736</subfield>
  </datafield>
  <datafield tag="952" ind1=" " ind2=" ">
    <subfield code="0">0</subfield>
    <subfield code="1">0</subfield>
    <subfield code="2">ddc</subfield>
    <subfield code="4">0</subfield>
    <subfield code="7">0</subfield>
    <subfield code="8">FST</subfield>
    <subfield code="a">SACPG</subfield>
    <subfield code="b">SACPG</subfield>
    <subfield code="d">2022-03-04</subfield>
    <subfield code="e">Vidyarthi Books</subfield>
    <subfield code="g">2621.25</subfield>
    <subfield code="l">4</subfield>
    <subfield code="o">664.53 FARS</subfield>
    <subfield code="p">PG023696</subfield>
    <subfield code="r">2026-03-07 10:41:50</subfield>
    <subfield code="s">2026-02-25</subfield>
    <subfield code="v">3495.00</subfield>
    <subfield code="w">2022-02-20</subfield>
    <subfield code="y">BK</subfield>
  </datafield>
</record>
